000 00295nam a2200121Ia 4500
008 190216s9999||||xx |||||||||||||| ||und||
100 _aKantha Anand
245 0 _aHindi-Hindi Vyakarana Yev Pathr Lekhan
260 _bVidha Pusthaksadhan
_c2012
300 _a168
650 _aHindi
942 _cBK
999 _c16786
_d16786